00628 2200229 4500001002100000005001700021008004100038020002200079035002400101040001200125082000800137090001800145100002600163245006500189250001600254260003300270300002900303504001600332650001700348850001200365990002100377YOGYA-0112000000070120120117193528.0 ind  a978-979-756-777-4 0010-011200000000701 aYOPDYOG a388 aDEP 388 Sak T aSAKTI ADJI ADISASMITA aTransportasi dan pengembangan wilayahcSakti Adji Adisasmita aed.1,Cet.1. aYogyakartabGraha Ilmuc23cm aXIII, 196hlmbilusc23cm ahlm 195-196 aPengangkutan aYOPDYOG aCB-D.11 2011-833